[Event "BOT-ch op"]
[Site "Gaborone"]
[Date "2018.04.02"]
[Round "8.1"]
[White "Kokome, Oaitse"]
[Black "Mosenya, Ndawana"]
[Result "1/2-1/2"]
[WhiteElo "1989"]
[BlackElo "2000"]
[PlyCount "63"]
[EventDate "2018.03.30"]
[EventType "tourn"]
[EventRounds "9"]
[EventCountry "BOT"]
[SourceTitle "EXT 2024"]
[Source "ChessBase"]
[SourceDate "2023.10.10"]
[SourceVersion "1"]
[SourceVersionDate "2023.10.10"]
[SourceQuality "1"]

1. e4 c5 2. c3 Nf6 3. e5 Nd5 4. d4 cxd4 5. Nf3 Nc6 6. Bc4 Nb6 7. Bb3 d6 8. cxd4 Bf5 9. 0-0 e6 10. Nc3 dxe5 11. dxe5 Qxd1 12. Rxd1 Bg4 13. Nb5 Rc8 14. Be3 Nd7 15. Nxa7 Nxa7 16. Bxa7 Bxf3 17. gxf3 Nxe5 18. Ba4+ Nc6 19. Rac1 h5 20. Bc5 Bxc5 21. Rxc5 Ke7 22. a3 f6 23. Rb5 Rc7 24. Rb6 Rd8 25. Rc1 Rd6 26. b4 Kd7 27. Rb5 Rd3 28. Rbc5 Rxa3 29. Bd1 b6 30. R5c2 Raa7 31. Rd2+ Ke7 32. Rdc2 1/2-1/2

[Event "South African op"]
[Site "Durban"]
[Date "2017.07.17"]
[Round "6"]
[White "Mosenya, Ndawana"]
[Black "Masango, Spencer"]
[Result "0-1"]
[WhiteElo "2062"]
[BlackElo "2203"]
[PlyCount "126"]
[EventDate "2017.07.14"]
[EventType "swiss"]
[EventRounds "11"]
[EventCountry "RSA"]
[SourceTitle "CBM 179 Extra"]
[Source "ChessBase"]
[SourceDate "2017.08.23"]
[SourceVersion "1"]
[SourceVersionDate "2017.08.23"]
[SourceQuality "1"]

1. Nf3 Nf6 2. d4 e6 3. g3 b6 4. Bg2 Bb7 5. 0-0 c5 6. c3 Be7 7. Bf4 0-0 8. Nbd2 Nd5 9. Ne1 Qc8 10. Bxd5 Bxd5 11. e4 Bb7 12. Ng2 f5 13. f3 Qe8 14. exf5 Rxf5 15. Ne4 cxd4 16. cxd4 Qf8 17. Ne3 Rxf4 18. gxf4 Qxf4 19. Ng2 Qf5 20. Ng3 Qf7 21. Rc1 Nc6 22. a3 Rf8 23. Ne4 d5 24. Ng3 Bf6 25. Ne2 e5 26. dxe5 Bxe5 27. Qd2 Na5 28. f4 Nb3 29. Qb4 Nxc1 30. Rxc1 Ba6 31. Re1 Bxe2 32. Rxe2 Bxf4 33. Nxf4 Qxf4 34. Qxf4 Rxf4 35. Re7 Ra4 36. Rd7 Ra5 37. Kf2 Rb5 38. Rxa7 Rxb2+ 39. Kg3 d4 40. h4 d3 41. Rd7 d2 42. Kf4 h6 43. Kf5 Kh7 44. Ke6 Ra2 45. h5 Rxa3 46. Rxd2 Ra5 47. Rh2 Rg5 48. Kf7 b5 49. Rh4 b4 50. Rxb4 Rxh5 51. Ke6 Ra5 52. Rc4 h5 53. Rb4 Kh6 54. Rb8 Kg5 55. Rg8 g6 56. Kf7 Ra6 57. Rb8 h4 58. Rb4 Kh5 59. Rb8 g5 60. Rb3 g4 61. Rb5+ Kh6 62. Kg8 h3 63. Rc5 h2 0-1

[Event "Livingstone FIDE zt 4.3"]
[Site "Livingstone"]
[Date "2017.06.15"]
[Round "7"]
[White "Beukes, Dante M"]
[Black "Mosenya, Ndawana"]
[Result "0-1"]
[WhiteElo "1763"]
[BlackElo "2044"]
[PlyCount "88"]
[EventDate "2017.06.10"]
[EventType "swiss"]
[EventRounds "9"]
[EventCountry "ZAM"]
[SourceTitle "EXT 2020"]
[Source "ChessBase"]
[SourceDate "2019.10.17"]
[SourceVersion "1"]
[SourceVersionDate "2019.10.17"]
[SourceQuality "1"]

1. e4 c5 2. Nf3 Nc6 3. Bb5 g6 4. Bxc6 dxc6 5. d3 Bg7 6. h3 e5 7. a3 Qd6 8. Be3 Nf6 9. 0-0 0-0 10. Nbd2 Nd7 11. Nc4 Qe7 12. Qd2 b6 13. Bh6 Ba6 14. Bxg7 Kxg7 15. Ne3 f6 16. b4 Rad8 17. Qc3 Qe6 18. Rfe1 Rf7 19. Nf1 Bb5 20. Ng3 Qe8 21. Qb2 Ba6 22. Nh2 h5 23. Nf3 Bc8 24. Nh4 Kh7 25. Qc1 Qe7 26. Qd1 Nf8 27. Re3 Kg8 28. bxc5 Qxc5 29. Nf3 Ne6 30. Nh4 Nf4 31. Ne2 g5 32. Nf3 Rg7 33. Nh2 Be6 34. Ng3 Qc3 35. Re1 h4 36. Ne2 Qc5 37. Nxf4 gxf4 38. Ng4 Bxg4 39. hxg4 Kh7 40. Kf1 Rdg8 41. f3 Rh8 42. Qd2 h3 43. Qf2 hxg2+ 44. Qxg2 Kg8 0-1

[Event "ZAM-ch op"]
[Site "Lusaka"]
[Date "2017.03.31"]
[Round "5"]
[White "Dimba, James"]
[Black "Mosenya, Ndawana"]
[Result "0-1"]
[WhiteElo "2078"]
[BlackElo "2041"]
[PlyCount "132"]
[EventDate "2017.03.29"]
[EventType "swiss"]
[EventRounds "9"]
[EventCountry "ZAM"]
[SourceTitle "EXT 2018"]
[Source "ChessBase"]
[SourceDate "2017.10.13"]
[SourceVersion "1"]
[SourceVersionDate "2017.10.13"]
[SourceQuality "1"]

1. e4 c5 2. Nf3 Nc6 3. d4 cxd4 4. Nxd4 Nf6 5. Nc3 e5 6. Ndb5 d6 7. Bg5 a6 8. Na3 b5 9. Nd5 Qa5+ 10. Bd2 Qd8 11. Bg5 Be7 12. Bxf6 Bxf6 13. c3 Bg5 14. Nc2 Rb8 15. Nce3 Bxe3 16. Nxe3 Be6 17. a4 0-0 18. axb5 axb5 19. b4 Ne7 20. Bd3 d5 21. exd5 Nxd5 22. Nxd5 Qxd5 23. 0-0 Rfd8 24. Be2 Qe4 25. Bf3 Qf4 26. Qc1 Qxc1 27. Rfxc1 Rd2 28. Rd1 Rc2 29. Rac1 Rxc1 30. Rxc1 Bc4 31. g3 f5 32. Re1 e4 33. Be2 Rc8 34. Bxc4+ Rxc4 35. Rc1 Kf7 36. Kf1 Ke6 37. Ke2 g5 38. Kd2 Ke5 39. Ra1 Rc7 40. Ra5 Rd7+ 41. Ke2 Rd5 42. Ra7 Rd3 43. Rc7 h5 44. Rc8 h4 45. Rc6 h3 46. Rg6 g4 47. Rc6 Kd5 48. Rc5+ Ke6 49. Rc6+ Ke5 50. Rc8 Kf6 51. Rc7 Rf3 52. Rc6+ Kg5 53. Rc5 e3 54. fxe3 Rxg3 55. e4 Rg2+ 56. Ke3 Rxh2 57. Rxf5+ Kg6 58. Rxb5 Rg2 59. Rb6+ Kg5 60. Rb5+ Kh4 61. Rb8 h2 62. Rh8+ Kg5 63. b5 Rg3+ 64. Kd4 Rh3 65. Rg8+ Kf4 66. b6 h1Q 0-1

[Event "Olympiad-42"]
[Site "Baku"]
[Date "2016.09.10"]
[Round "8.1"]
[White "Mosenya, Ndawana"]
[Black "Knowles, Kendrick"]
[Result "1/2-1/2"]
[WhiteElo "2003"]
[BlackElo "1825"]
[PlyCount "108"]
[EventDate "2016.09.02"]
[EventType "team-swiss"]
[EventRounds "11"]
[EventCountry "AZE"]
[SourceTitle "CBM 175"]
[Source "ChessBase"]
[SourceDate "2016.11.10"]
[SourceVersion "1"]
[SourceVersionDate "2016.11.10"]
[SourceQuality "1"]
[WhiteTeam "Botswana"]
[BlackTeam "Bahamas"]
[WhiteTeamCountry "BOT"]
[BlackTeamCountry "BAH"]

1. e4 d5 2. exd5 Nf6 3. d4 Nxd5 4. Nf3 g6 5. Be2 Bg7 6. 0-0 0-0 7. Bg5 Nc6 8. c3 h6 9. Bd2 e5 10. Nxe5 Nxe5 11. dxe5 c6 12. c4 Nb6 13. Bc3 Qe7 14. Qd6 Qh4 15. Nd2 Rd8 16. Nf3 Rxd6 17. Nxh4 Rd8 18. b3 g5 19. Nf3 Bf5 20. Rad1 Re8 21. Bd3 Bg4 22. Rfe1 Nd7 23. Re4 Bxf3 24. gxf3 Nxe5 25. Bxe5 Bxe5 26. Rde1 f6 27. Kg2 Red8 28. Bb1 Rd2 29. h4 Rad8 30. hxg5 hxg5 31. R1e2 Kg7 32. c5 Rxe2 33. Rxe2 Rd5 34. b4 Rd4 35. a3 Kf7 36. Be4 Ke6 37. Bh7 a5 38. Bg8+ Ke7 39. bxa5 Ra4 40. Re4 Rxa5 41. Rb4 Rxa3 42. Rxb7+ Kf8 43. Bh7 Rc3 44. Be4 Rxc5 45. Rb6 Rb5 46. Rxc6 Ke7 47. Bf5 Bd6 48. Bd3 Rd5 49. Be4 Rd2 50. Bf5 Rb2 51. Kf1 Bb4 52. Re6+ Kf7 53. Rc6 Ba5 54. Rc2 Rxc2 1/2-1/2

[Event "Olympiad-42"]
[Site "Baku"]
[Date "2016.09.06"]
[Round "5.1"]
[White "Husbands, Orlando"]
[Black "Mosenya, Ndawana"]
[Result "1-0"]
[WhiteElo "2257"]
[BlackElo "2003"]
[PlyCount "143"]
[EventDate "2016.09.02"]
[EventType "team-swiss"]
[EventRounds "11"]
[EventCountry "AZE"]
[SourceTitle "CBM 175"]
[Source "ChessBase"]
[SourceDate "2016.11.10"]
[SourceVersion "1"]
[SourceVersionDate "2016.11.10"]
[SourceQuality "1"]
[WhiteTeam "Barbados"]
[BlackTeam "Botswana"]
[WhiteTeamCountry "BAR"]
[BlackTeamCountry "BOT"]

1. e4 e6 2. d4 d5 3. Nc3 Nf6 4. Bg5 Bb4 5. e5 h6 6. Bd2 Bxc3 7. Bxc3 Ne4 8. Bd3 Nxc3 9. bxc3 c5 10. dxc5 Nc6 11. Nf3 Qa5 12. Qd2 Qxc5 13. 0-0 Bd7 14. Rab1 Na5 15. Nd4 a6 16. Nb3 Nxb3 17. cxb3 Rc8 18. Rbc1 0-0 19. Rfe1 b5 20. Bb1 f5 21. Red1 Be8 22. Qd4 Bh5 23. Re1 Qxd4 24. cxd4 Kf7 25. Bd3 f4 26. Rc5 Rxc5 27. dxc5 Bg6 28. Be2 Rc8 29. b4 Bc2 30. Rc1 Ba4 31. Kf1 Ke7 32. c6 Rc7 33. Ke1 g6 34. Kd2 Kd8 35. Kd3 Rg7 36. Kd4 h5 37. Kc5 Kc7 38. Bd1 Bxd1 39. Rxd1 Rg8 40. Rd4 Rf8 41. h4 Rf5 42. f3 Rf8 43. Rd3 Rb8 44. Rd4 Rf8 45. Rd3 Rb8 46. Rd4 Rb6 47. Rxf4 Rxc6+ 48. Kd4 Rc4+ 49. Ke3 Rc2 50. Rf7+ Kd8 51. Rf6 Ke7 52. Rxg6 Rxa2 53. g4 Ra4 54. gxh5 Rxb4 55. f4 Rc4 56. h6 Rc8 57. Rg7+ Kf8 58. Ra7 Kg8 59. Rxa6 Rc3+ 60. Ke2 Rc2+ 61. Kf3 Rc3+ 62. Kg4 b4 63. Rxe6 b3 64. Rb6 d4 65. e6 Re3 66. f5 d3 67. Rxb3 d2 68. Rb8+ Kh7 69. Rd8 Re2 70. Kg5 Rh2 71. e7 Re2 72. Kf6 1-0

[Event "Olympiad-42"]
[Site "Baku"]
[Date "2016.09.04"]
[Round "3.1"]
[White "Mosenya, Ndawana"]
[Black "Hernandez Guerrero, Gilberto Eduardo"]
[Result "0-1"]
[WhiteElo "2003"]
[BlackElo "2506"]
[PlyCount "64"]
[EventDate "2016.09.02"]
[EventType "team-swiss"]
[EventRounds "11"]
[EventCountry "AZE"]
[SourceTitle "CBM 175"]
[Source "ChessBase"]
[SourceDate "2016.11.10"]
[SourceVersion "1"]
[SourceVersionDate "2016.11.10"]
[SourceQuality "1"]
[WhiteTeam "Botswana"]
[BlackTeam "Mexico"]
[WhiteTeamCountry "BOT"]
[BlackTeamCountry "MEX"]

1. e4 d6 2. d4 Nf6 3. Nc3 Nbd7 4. Nf3 e5 5. dxe5 dxe5 6. Bc4 Bb4 7. 0-0 0-0 8. Bg5 c6 9. a3 Bxc3 10. bxc3 Qa5 11. Qe2 h6 12. Bd2 Re8 13. Nh4 Nc5 14. f3 Be6 15. Bxe6 Nxe6 16. Nf5 Rad8 17. Rf2 Rd7 18. c4 Qa4 19. Be3 Kh7 20. g3 Red8 21. Kg2 c5 22. Ra2 Ng8 23. f4 Nf6 24. fxe5 Nxe4 25. Qf3 Nxf2 26. Nd6 Rxd6 27. exd6 Qxc4 28. Rb2 Ne4 29. Rxb7 Nxd6 30. Rxa7 Qxc2+ 31. Qf2 Qd3 32. Bxc5 Qd5+ 0-1

[Event "Pretoria FM-B"]
[Site "Pretoria"]
[Date "2012.04.30"]
[Round "6"]
[White "Mosenya, Ndawana"]
[Black "Bezuidenhout, Roland Reinhold"]
[Result "1/2-1/2"]
[WhiteElo "2009"]
[BlackElo "1874"]
[PlyCount "158"]
[EventDate "2012.04.27"]
[EventType "tourn"]
[EventRounds "9"]
[EventCountry "RSA"]
[SourceTitle "CBM 148 Extra"]
[Source "ChessBase"]
[SourceDate "2012.06.22"]
[SourceVersion "1"]
[SourceVersionDate "2012.06.22"]
[SourceQuality "1"]

1. e4 c5 2. d4 cxd4 3. c3 dxc3 4. Nxc3 Nc6 5. Nf3 e6 6. Bc4 a6 7. 0-0 Nge7 8. Qe2 Ng6 9. Rd1 Be7 10. Be3 0-0 11. Rac1 b5 12. Bb3 Na5 13. Nd4 Nxb3 14. axb3 Bb7 15. f4 Qb8 16. e5 d6 17. f5 Nh4 18. f6 gxf6 19. Bh6 Rd8 20. Nxe6 fxe5 21. Nxd8 Qxd8 22. Nd5 Bxd5 23. Rxd5 f5 24. Rcd1 Qe8 25. g3 Qg6 26. Bd2 f4 27. Bxf4 exf4 28. Qxe7 Nf3+ 29. Kg2 Re8 30. Qxd6 Qc2+ 31. R1d2 Qe4 32. Kh3 Nxd2 33. Rg5+ Kf7 34. Qxd2 Qe6+ 35. Kh4 Qf6 36. Qxf4 Qxf4+ 37. gxf4 Re2 38. Rg3 Rxb2 39. h3 a5 40. Kg5 a4 41. bxa4 bxa4 42. Rc3 Rb3 43. Rc7+ Kg8 44. h4 Rg3+ 45. Kf5 a3 46. Ra7 Rb3 47. Kf6 Rb6+ 48. Kg5 Rg6+ 49. Kf5 Rh6 50. Kg5 Rg6+ 51. Kf5 Rg3 52. h5 Rb3 53. Kf6 Rb6+ 54. Kg5 h6+ 55. Kg4 Rb3 56. Ra6 Kg7 57. Kf5 Rb5+ 58. Ke6 Rb3 59. Ra7+ Kg8 60. f5 Rb6+ 61. Ke7 a2 62. Rxa2 Rb7+ 63. Ke8 Rb8+ 64. Kd7 Rb7+ 65. Kc6 Rf7 66. Rf2 Kg7 67. Kd5 Kf6 68. Ke4 Rg7 69. Rb2 Rg4+ 70. Kf3 Rg5 71. Ke4 Rg4+ 72. Kf3 Rg5 73. Rb6+ Kxf5 74. Rxh6 Rg8 75. Ra6 Kg5 76. h6 Rh8 77. Kg3 Rxh6 78. Ra5+ Kg6 79. Kg4 Rh1 1/2-1/2

[Event "Pretoria FM-B"]
[Site "Pretoria"]
[Date "2012.04.28"]
[Round "3"]
[White "Mosenya, Ndawana"]
[Black "Moseamedi, Ernest M"]
[Result "1-0"]
[WhiteElo "2009"]
[BlackElo "1963"]
[PlyCount "99"]
[EventDate "2012.04.27"]
[EventType "tourn"]
[EventRounds "9"]
[EventCountry "RSA"]
[SourceTitle "CBM 148 Extra"]
[Source "ChessBase"]
[SourceDate "2012.06.22"]
[SourceVersion "1"]
[SourceVersionDate "2012.06.22"]
[SourceQuality "1"]

1. e4 c5 2. Nf3 Nc6 3. Nc3 g6 4. h4 Bg7 5. h5 d6 6. Bc4 Ne5 7. Nxe5 Bxe5 8. hxg6 hxg6 9. Rxh8 Bxh8 10. Qf3 e6 11. d3 Qf6 12. Qg3 Qe5 13. Bf4 Qh5 14. Kd2 Be5 15. Nb5 Kd7 16. c3 a6 17. Na3 Nf6 18. Rd1 b5 19. Bb3 Bb7 20. Kc1 Rh8 21. f3 Bxf4+ 22. Qxf4 Qh6 23. Qxh6 Rxh6 24. Nc2 Rh2 25. Ne3 Nh5 26. Rg1 Nf4 27. Kd2 d5 28. exd5 exd5 29. d4 c4 30. Bc2 Kd6 31. Ke1 Bc8 32. b3 Bd7 33. Kf1 f5 34. Ke1 Be6 35. Kd2 Nh3 36. Nf1 Nxg1 37. Nxh2 g5 38. Ke3 g4 39. fxg4 fxg4 40. Nf1 Ke7 41. Kf2 Nh3+ 42. gxh3 gxh3 43. Kg3 Kf6 44. Nh2 cxb3 45. Bxb3 a5 46. Ng4+ Kg5 47. Ne3 h2 48. Kxh2 Kf4 49. Nxd5+ Ke4 50. Nf6+ 1-0

[Event "Commonwealth-ch"]
[Site "Mumbai"]
[Date "2004.01.14"]
[Round "5"]
[White "Mosenya, Ndawana"]
[Black "Gopal, Geetha Narayanan"]
[Result "0-1"]
[WhiteElo "2034"]
[BlackElo "2233"]
[PlyCount "68"]
[EventDate "2004.01.10"]
[EventType "swiss"]
[EventRounds "9"]
[EventCountry "IND"]
[SourceTitle "EXT 2006"]
[Source "ChessBase"]
[SourceDate "2005.11.24"]
[SourceVersion "1"]
[SourceVersionDate "2005.11.24"]
[SourceQuality "1"]

1. f4 d5 2. Nf3 g6 3. g3 Bg7 4. Bg2 Nf6 5. d3 0-0 6. 0-0 c5 7. Nc3 d4 8. Na4 Qc7 9. c3 Nfd7 10. cxd4 cxd4 11. b4 b5 12. Nc5 Nxc5 13. bxc5 Bb7 14. Qb3 Bc6 15. f5 gxf5 16. Bg5 e6 17. Rac1 Qb7 18. Qb2 h6 19. Bd2 Nd7 20. Rc2 a5 21. Qc1 Kh7 22. e3 dxe3 23. Bxe3 Nf6 24. Ne5 Bxg2 25. Rxg2 Qd5 26. Bf4 Rac8 27. c6 Nh5 28. Nd7 Rfd8 29. Nb8 Nxf4 30. gxf4 Bd4+ 31. Kh1 Rxb8 32. c7 Rg8 33. Rfg1 Bxg1 34. Qxg1 Rbc8 0-1

[Event "Commonwealth-ch"]
[Site "Mumbai"]
[Date "2004.01.13"]
[Round "4"]
[White "Mosenya, Ndawana"]
[Black "Babu, N Sudhakar"]
[Result "0-1"]
[WhiteElo "2034"]
[BlackElo "2339"]
[PlyCount "98"]
[EventDate "2004.01.10"]
[EventType "swiss"]
[EventRounds "9"]
[EventCountry "IND"]
[SourceTitle "EXT 2006"]
[Source "ChessBase"]
[SourceDate "2005.11.24"]
[SourceVersion "1"]
[SourceVersionDate "2005.11.24"]
[SourceQuality "1"]

1. e4 e5 2. Nf3 Nc6 3. Bb5 a6 4. Bxc6 dxc6 5. 0-0 f6 6. d4 exd4 7. Nxd4 c5 8. Nb3 Qxd1 9. Rxd1 Bg4 10. f3 Bd7 11. Bf4 0-0-0 12. Nc3 c4 13. Na5 b5 14. Nd5 Bc5+ 15. Kf1 c6 16. b4 Ba7 17. Nc7 Bb8 18. Ne6 Bxf4 19. Nxc6 Re8 20. Na7+ Kb8 21. Nxf4 Re7 22. Nd5 Re6 23. Nb6 Be8 24. Nac8 Kc7 25. Rd4 Nh6 26. Rad1 Rxb6 27. Nxb6 Kxb6 28. Rd6+ Bc6 29. Rd8 Rxd8 30. Rxd8 f5 31. e5 Nf7 32. Rb8+ Kc7 33. e6 Ng5 34. Rf8 Nxe6 35. Rxf5 Kd6 36. c3 Bd7 37. Ke1 Be8 38. f4 Bg6 39. Re5 Nxf4 40. Rg5 Ne6 41. Rg4 Bf5 42. Rg3 Be4 43. Kf2 Ke5 44. Re3 Nf4 45. g3 Nd5 46. Re1 Nxc3 47. a3 Kd4 48. g4 Nb1 49. Re2 Bd3 0-1